000 00709nam a22001817a 4500
003 OSt
005 20250829060041.0
008 250829b |||||||| |||| 00| 0 eng d
020 _a9789712730191
040 _aDWC-Main Lib.
_cOC
100 _aVIVAS, CELSO P.
245 _aYour best guide to stock investing :
_bthe shareholders handbook/
_cVIVAS, CELSO P.
260 _aMandaluyong City, Philippines :
_bAnvil,
_cc2014.
300 _axvi, 124 pages ;
_c21 cm.
504 _aIncludes index.
650 _a1. Stocks--Handbooks, manuals, etc. 2. Investments--Philippines--Handbooks, manuals, etc. 4. Capital markets--Philippines. 5.Questions and answers. I. Title.
942 _2ddc
_cBK - FIL
_hFil.
_n0
999 _c4342
_d4342